000
00314nam a2200133Ia 4500
005
20260328104324.0
008
260328s9999||||xx |||||||||||||| ||und||
100
_a
Coupland, Douglas
245
0
_a
City of Glass /
_c
Douglas Coupland
260
_b
Mclntyre
300
_a
152 p.
650
_a
VANCOUVER
942
_c
BK
999
_c
11435
_d
11435